000 00740nam a2200265 c 4500
003 BLK
005 20180420221314.0
008 180408b bul|||||r ||||||| ||bul||
010 _aKNG00044960000
020 _a2-03-741005-0
_bиздат.: Larousse
040 _aBLK
041 _aFRE
_cFRE
080 _aПолитика. Вж и 341 ; 342
_b32
_x.01
_z32.01
100 1 _aColas, Dominique
_eпърви автор
_97447
139 _aCOLAS, Dominique
_b
245 1 0 _aLa pensee politique
_cDominique Colas.
260 Paris
_bLarousse
_c1992
300 _a768 c
_c22 cm
490 1 _aTextes essentiels
852 _aЦб 199120
856 4 _qpdf
_u
856 4 _qpdf
_u
942 _cKNG
_n0
944 _aCR
_c01.01.1999
_kAB_DOS
944 _aED
_c15.01.2003
_k
999 _c41396
_d41396